000 03303nam a2200457 i 4500
001 ebr10791919
003 CaPaEBR
006 m o d
007 cr cn|||||||||
008 130613t20132013enkad ob 101 0 eng|d
020 _z9781409457312 (hardback : alk. paper)
020 _a9781409457329 (e-book)
040 _aCaPaEBR
_beng
_erda
_epn
_cCaPaEBR
035 _a(OCoLC)864414614
043 _ae------
050 1 4 _aKJE935
_b2011eb
082 0 4 _a341.242/2
_223
111 2 _aConference "The European Union's economic and social model - still viable in a global crisis?"
_d(2011 :
_cLeeds, England),
_jissuing body.
245 1 4 _aThe EU economic and social model in the global crisis :
_binterdisciplinary perspectives /
_cedited by Dagmar Schiek.
264 1 _aFarnham, Surrey :
_bAshgate,
_c[2013]
264 4 _c�2013
300 _a1 online resource (224 pages) :
_billustrations.
336 _atext
_2rdacontent
337 _acomputer
_2rdamedia
338 _aonline resource
_2rdacarrier
440 0 _aStudies in modern law and policy
504 _aIncludes bibliographical references and index.
505 0 _aThe EU's socio-economic model(s) and the crisi(e)s : any perspectives? / Dagmar Schiek -- The European currency in turbulent times : austerity policy made in Brussels as the only way out? / Amy Verdun -- The dysfunctional nature of the economic and monetary union / Philip Arestis, Giuseppe Fontana and Malcolm Sawyer -- The contested scope of labour law requirements in public procurement : a multi-level analysis / Julia Vinterskog -- From safety nets and carrots to trampolines and sticks : national use of the EU as both menace and model to help neoliberalise welfare policy / Charlotte O'Brien -- Empowering consumer-citizens : changing rights or merely discourse? / Katalin Cseres and Annette Schrauwen -- The politics of inclusion : comparing the contribution of civil society actors to EU legitimacy / Petra Guasti -- EU internal and external social policy in times of global crisis / Rebecca Zahn -- The EU as a "virtuous international actor" : human rights indicators and global governmentality / Bal Sokhi-Bulley.
588 _aDescription based on print version record.
590 _aElectronic reproduction. Palo Alto, Calif. : ebrary, 2013. Available via World Wide Web. Access may be limited to ebrary affiliated libraries.
650 0 _aLaw
_xSocial aspects
_zEuropean Union countries
_vCongresses.
650 0 _aLaw
_xEconomic aspects
_zEuropean Union countries
_vCongresses.
650 0 _aFinancial crises
_zEuropean Union countries
_vCongresses.
651 0 _aEuropean Union countries
_xSocial policy
_vCongresses.
651 0 _aEuropean Union countries
_xEconomic policy
_vCongresses.
655 0 _aElectronic books.
700 1 _aSchiek, Dagmar.
776 0 8 _iPrint version:
_aConference "The European Union's economic and social model - still viable in a global crisis?"
_tEU economic and social model in the global crisis : interdisciplinary perspectives.
_dFarnham, Surrey : Ashgate, [2013]
_hxii, 209 pages
_kStudies in modern law and policy
_z9781409457312
_w(DLC) 2013023954
797 2 _aebrary.
856 4 0 _uhttp://site.ebrary.com/lib/rucke/Doc?id=10791919
_zAn electronic book accessible through the World Wide Web; click to view
999 _c136463
_d136463